000 00592nam a2200193Ia 4500
003 GCL
008 140319s9999 xx 000 0 ara d
040 _aGCL /
_cGCL
082 0 4 _a923.1954
_bظ ا
100 1 _aمحمد حلمى مراد
245 1 0 _aانديرا غاندى: سيرة سياسية /
_cمحمد حلمى مراد
700 1 _aظفر الاسلام خان
300 _a318 ص
490 _aالهيئة العامة للاستعلامات
_v0
650 0 4 _aالتراجم
650 0 4 _aانديرا غاندى
650 0 4 _aالهند - تاريخ
942 _2ddc
_cBK
999 _c49270
_d49270